01195nam0a22002771 4500001001100000005001700011021001900028035002600047100004100073101000800114102000700122105001800129200019700147210006200344215002300406300010100429607009000530701002500620701002300645701002700668702005900695712010400754801001800858801002200876852001900898rc\445242920260407101051.0 aRUb[63-47521] a(NLR Aleph) 008587974 a20130416d1963 |||y0rusy50 ca0 arus aRU aa z |||||1 aИстория Молдавской ССРeУчеб. пособие для X классаf[Ред. Я.С. Гросул и др.]gИн-т истории Акад. наук Молд. ССР aКишиневcКартя молдовеняскэd1963 a126 с.cил.d22 aАвт. разделов: Ф.П. Осташко, А.В. Грекул, М.Б. Иткис и др. aМолдавская ССРxИсторияjУчебники и пособия2psbo 1aГрекулbА.В. 1aИткисbМ.Б. 1aОсташкоbФ.П. 1aГросулbЯ.С.gЯким Сергеевич434002aИнститут истории им. Я. С. ГросулаcКишинев3RU\NLR\AUTH\889928056 0aRUbNLRgpsbo 1aRUbELAR2rusmarc aNLRj63-5/3275